000 00770nam a2200253Ia 4500
003 OSt
005 20220925223022.0
006 a|||||r|||| 00| 0
007 ta
008 220923b |||||||| |||| 00| 0 eng d
020 _a041590554
037 _cGeneral Book
040 _aRTL
_cRTL
_beng
041 _2eng
_aeng
082 _aY9(W).791.N9, N2
100 _aPetras James
_9117069
245 0 _aLatin America in the time of cholera
_b Electoral politics,marker economics, and permanent crisis
260 _aLondon
_bRoutledge
_c1992
300 _a208p
_ccm.
650 _aPolitical Sociology
700 _a Morley Morris
_9117070
942 _hY9(W).791.N9, N2
_cGB
_2CC
999 _c578388
_d578388